[Event "Hazel Park (MCO/4/4)"]
[Site "?"]
[Date "1987.??.??"]
[Round "?"]
[White "Finegold, Ron"]
[Black "Lang, J.."]
[Result "0-1"]
[WhiteElo "2225"]
[BlackElo "2000"]
[PlyCount "70"]
[EventDate "1987.??.??"]

{4/(4)} 1. c4 Nf6 2. g3 c6 3. Bg2 d5 4. cxd5 cxd5 5. Nf3 Nc6 6. O-O h6 7. d4
Bf5 8. Nc3 e6 9. Qb3 Qc8 10. Bf4 a6 11. Rac1 Nd7 12. Nd1 g5 13. Bd2 f6 14. Ne1
Qb8 15. e4 dxe4 16. Qe3 Qd6 17. Bc3 h5 18. Bxe4 Bh3 19. d5 Nce5 20. dxe6 Qxe6
21. Bxe5 Nxe5 22. Bxb7 Bxf1 23. Bxa8 Bb5 24. Nc3 Bd7 25. Bd5 Qe7 26. Be4 f5 27.
Nd5 Qg7 28. Bg2 Bd6 29. Nc7+ Kf8 30. Qb3 Qh6 31. Qd5 h4 32. gxh4 g4 33. Nxa6
Ke7 34. Nc5 Qxc1 35. Nb7 Qxe1+ 0-1

[Event "Lansing (MI Op/5/6)"]
[Site "?"]
[Date "1987.??.??"]
[Round "?"]
[White "Finegold, Ron"]
[Black "Kitts, Gary"]
[Result "1-0"]
[WhiteElo "2170"]
[BlackElo "2090"]
[PlyCount "73"]
[EventDate "1987.??.??"]

{5/(6)} 1. Nf3 Nf6 2. d4 g6 3. Bf4 Bg7 4. e3 O-O 5. Nbd2 b6 6. Be2 Bb7 7. O-O
Nh5 8. Be5 f6 9. Bg3 Nxg3 10. hxg3 e6 11. c4 d6 12. Ne1 Nd7 13. Bf3 c6 14. Qa4
d5 15. Nc2 a6 16. Qb3 Kh8 17. Rac1 Rc8 18. e4 dxc4 19. Nxc4 Qc7 20. Qa3 c5 21.
b3 f5 22. exf5 Bxf3 23. fxe6 Bxg2 24. exd7 Bf3 25. dxc8=Q Qxc8 26. Nd2 Qh3 27.
Nxf3 Rxf3 28. Rfd1 Rxg3+ 29. fxg3 Qxg3+ 30. Kf1 Qf3+ 31. Ke1 Bf6 32. b4 Bh4+
33. Kd2 Bg5+ 34. Ne3 Qf2+ 35. Kc3 Bxe3 36. bxc5 Qf3 37. Kd3 1-0

[Event "Lansing (MI Op/6/3)"]
[Site "?"]
[Date "1987.??.??"]
[Round "?"]
[White "Finegold, Ron"]
[Black "Cunningham, R.."]
[Result "1-0"]
[WhiteElo "2170"]
[BlackElo "2185"]
[PlyCount "80"]
[EventDate "1987.??.??"]

{6/(3)} 1. c4 e6 2. g3 d5 3. Bg2 c5 4. Nf3 Nf6 5. O-O Be7 6. cxd5 exd5 7. d4
O-O 8. Nc3 Nc6 9. h3 Re8 10. Bf4 Be6 11. Nb5 Nh5 12. Be3 a6 13. Nc3 b6 14. Na4
c4 15. Ne5 Qc7 16. Qd2 Bb4 17. Nc3 b5 18. g4 Nf6 19. Bf4 Bd6 20. g5 b4 21. gxf6
bxc3 22. Qxc3 gxf6 23. Qg3+ Kh8 24. Bh6 Rg8 25. Qh4 Bxe5 26. dxe5 Qxe5 27. Bf4
Qf5 28. Rad1 Rg6 29. Kh2 Rag8 30. Bg3 Rg5 31. e4 Qg6 32. exd5 Rh5 33. Qf4 Bxh3
34. Bxh3 Ne5 35. Kg2 Rxh3 36. Kxh3 Qh5+ 37. Kg2 Ng6 38. Qxf6+ Rg7 39. Rh1 Qg4
40. Rd4 Nh4+ 1-0

[Event "Lansing (MI Op/1b/5)"]
[Site "?"]
[Date "1987.??.??"]
[Round "?"]
[White "Finegold, Ron"]
[Black "Chandler, P.."]
[Result "0-1"]
[WhiteElo "2170"]
[BlackElo "1870"]
[PlyCount "68"]
[EventDate "1987.??.??"]

1. Nf3 f5 2. d4 Nf6 3. Nc3 e6 4. Bg5 Be7 5. g3 O-O 6. Bg2 d6 7. O-O h6 8. Bxf6
Bxf6 9. e4 Nc6 10. Re1 e5 11. dxe5 Nxe5 12. Nxe5 Bxe5 13. Qd5+ Kh8 14. exf5 c6
15. Qb3 Bxf5 16. Rad1 Qb6 17. Rd2 Rae8 18. Rde2 Qc7 19. Kh1 Bg4 20. Re4 Be6 21.
Qa4 b5 22. Nxb5 cxb5 23. Qxb5 Bd7 24. Qe2 Qb6 25. f4 Bxb2 26. Qh5 Qc5 27. Qg6
Bf5 28. Rxe8 Bxg6 29. Rxf8+ Kh7 30. f5 Bh5 31. g4 d5 32. Rb8 Bc3 33. Rd1 Bxg4
34. Rxd5 Qf2 {[Remainder illegible; 0-1, 38?]} 0-1

[Event "Hazel Park (MCO/2/5)"]
[Site "?"]
[Date "1987.??.??"]
[Round "?"]
[White "Finegold, Ron"]
[Black "Burg, Dan"]
[Result "1/2-1/2"]
[WhiteElo "2225"]
[BlackElo "1885"]
[PlyCount "121"]
[EventDate "1987.??.??"]

{2/(5)} 1. c4 c6 2. d4 d5 3. e3 Nf6 4. Nf3 Bf5 5. Nc3 h6 6. cxd5 cxd5 7. Bb5+
Bd7 8. Qb3 e6 9. Bxd7+ Qxd7 10. Ne5 Qc8 11. Bd2 Nc6 12. Rc1 Be7 13. O-O O-O 14.
f4 Nd7 15. Ne2 Ndxe5 16. fxe5 Qd7 17. Rf3 f6 18. exf6 Bxf6 19. Kh1 Bg5 20. Rcf1
Rxf3 21. gxf3 Rf8 22. Qd1 Ne7 23. f4 Bf6 24. Ng3 Qb5 25. Bc3 Qc4 26. a3 Bh4 27.
Bb4 Rf7 28. Bxe7 Rxe7 29. Rg1 Bxg3 30. Rxg3 Rc7 31. Rg1 Qc2 32. Qf3 Qxb2 33. f5
Rf7 34. f6 Qc2 35. Qg4 Qe4+ 36. Qxe4 dxe4 37. fxg7 Rxg7 38. Rb1 Kf8 39. Rb5 Ke8
40. Re5 Kd7 41. Rxe4 Kd6 42. Rh4 Rg6 43. Rh5 Kc6 44. Rc5+ Kd6 45. Rh5 b6 46. a4
Kc6 47. Re5 a6 48. h4 b5 49. a5 b4 50. Rc5+ Kd6 51. Rc4 Rg3 52. Rxb4 Rxe3 53.
Rb6+ Kd5 54. Rxa6 Kxd4 55. Kg2 Ke5 56. Ra8 Kf6 57. a6 Ra3 58. Kf2 Kg6 59. a7
Kh5 60. Kg2 Kxh4 61. Rh8 1/2-1/2

[Event "Hazel Park (MCO/6/9)"]
[Site "?"]
[Date "1987.??.??"]
[Round "?"]
[White "Finegold, Ron"]
[Black "Accad, W.."]
[Result "1-0"]
[WhiteElo "2225"]
[BlackElo "2015"]
[PlyCount "101"]
[EventDate "1987.??.??"]

{6/(9)} 1. Nf3 d5 2. g3 c6 3. Bg2 Bf5 4. d3 Nf6 5. O-O Nbd7 6. Nh4 Bg4 7. h3
Bh5 8. f4 e6 9. Qe1 h6 10. g4 Bc5+ 11. d4 Be7 12. gxh5 Nxh5 13. Nf3 g5 14. fxg5
hxg5 15. Qf2 f5 16. c4 Rg8 17. Qe3 Kf7 18. Nh2 Qc7 19. cxd5 cxd5 20. Nc3 a6 21.
Nxd5 Qd6 22. Nxe7 Qxe7 23. d5 Rae8 24. dxe6+ Qxe6 25. Qxe6+ Kxe6 26. Bf3 Ng3
27. Rd1 Nf6 28. Kg2 Nge4 29. Bxe4 Nxe4 30. Be3 g4 31. hxg4 fxg4 32. Rd4 Nd6 33.
Bf4 Nb5 34. Re4+ Kf5 35. Rxe8 Rxe8 36. e3 Nd4 37. Nf1 Ne2 38. Ng3+ Nxg3 39.
Kxg3 Rh8 40. Rc1 Rh3+ 41. Kg2 Rh7 42. Rc5+ Ke4 43. Kg3 Rd7 44. Re5+ Kd3 45. a4
Kc4 46. Re4+ Kb3 47. Bg5 b5 48. axb5 axb5 49. Kxg4 Kc2 50. b4 Rd5 51. Bf4 1-0

[Event "East Detroit (MEX/3)"]
[Site "?"]
[Date "1987.??.??"]
[Round "?"]
[White "Finegold, Ben"]
[Black "Thomas, C.."]
[Result "1-0"]
[WhiteElo "2465"]
[BlackElo "2115"]
[PlyCount "135"]
[EventDate "1987.??.??"]

1. d4 Nf6 2. c4 g6 3. Nc3 Bg7 4. e4 d6 5. Nf3 O-O 6. Be2 e5 7. dxe5 dxe5 8.
Qxd8 Rxd8 9. Bg5 Re8 10. O-O-O Nc6 11. Nd5 Nxd5 12. cxd5 Nd4 13. Nxd4 exd4 14.
f3 Bd7 15. Kb1 c5 16. dxc6 bxc6 17. Bc4 Rab8 18. Rd3 Rb4 19. Rc1 c5 20. Rb3
Rxb3 21. axb3 Be5 22. Bd5 Bd6 23. g3 Bb5 24. Kc2 Be2 25. Kd2 Bb5 26. Ra1 a6 27.
f4 Kg7 28. Bh4 f6 29. Bc4 Bxc4 30. bxc4 Ra8 31. Ra5 Kf7 32. Bxf6 Kxf6 33. e5+
Bxe5 34. fxe5+ Kxe5 35. Rxc5+ Ke4 36. Rc7 Rb8 37. Re7+ Kf3 38. Rxh7 Rxb2+ 39.
Kd3 a5 40. c5 a4 41. Rg7 Rb5 42. Kxd4 Ra5 43. Rb7 a3 44. Rb1 a2 45. Ra1 Kg2 46.
c6 Kxh2 47. c7 Ra8 48. Rxa2+ Rxa2 49. c8=Q Kxg3 50. Qc7+ Kh4 51. Ke5 Rg2 52.
Qc4+ Kh3 53. Qf1 g5 54. Qh1+ Kg3 55. Kf5 g4 56. Kg5 Kf2 57. Kf4 Rg1 58. Qh4+
Kf1 59. Qf6 Rg2 60. Ke3+ Kg1 61. Qa1+ Kh2 62. Kf4 Rg3 63. Qh8+ Kg2 64. Qh4 Rf3+
65. Kxg4 Rc3 66. Qe1 Ra3 67. Qd2+ Kf1 68. Qc1+ 1-0

[Event "Hazel Park (MCO/2/1)"]
[Site "?"]
[Date "1987.??.??"]
[Round "?"]
[White "Finegold, Ben"]
[Black "Selitsky, B.."]
[Result "1-0"]
[WhiteElo "2445"]
[BlackElo "1965"]
[PlyCount "97"]
[EventDate "1987.??.??"]

{2/(1)} 1. d4 d5 2. c4 e6 3. Nc3 Nf6 4. Bg5 Be7 5. e3 O-O 6. Rc1 h6 7. Bxf6
Bxf6 8. cxd5 exd5 9. Bd3 c6 10. Nge2 Be7 11. f3 Be6 12. Nf4 Nd7 13. Bb1 Bd6 14.
Qd3 Nf6 15. Nce2 Qe7 16. g4 g6 17. h4 Rfe8 18. g5 Nh7 19. Nxg6 fxg6 20. Qxg6+
Kh8 21. Qxh6 Qg7 22. Qxg7+ Kxg7 23. Kf2 Rf8 24. f4 Bf5 25. Bxf5 Rxf5 26. Ng3
Rff8 27. Kf3 Rae8 28. Rc3 Re7 29. Kg4 Kh8 30. Nf5 Rd7 31. h5 Bb4 32. Rb3 Be7
33. Nh4 Rc8 34. Ng6+ Kg8 35. Ne5 Rdc7 36. h6 c5 37. dxc5 Bxc5 38. Rd1 Rd8 39.
Rbd3 d4 40. Rc1 Rdc8 41. exd4 Bd6 42. Rxc7 Rxc7 43. Rc3 Nf8 44. Rxc7 Bxc7 45.
Kf5 Bb6 46. d5 Bd4 47. b3 Bc5 48. g6 Be7 49. Nf7 1-0

[Event "Hazel Park (MCO/6/1)"]
[Site "?"]
[Date "1987.??.??"]
[Round "?"]
[White "Finegold, Ben"]
[Black "Lang, J.."]
[Result "1-0"]
[WhiteElo "2445"]
[BlackElo "2000"]
[PlyCount "37"]
[EventDate "1987.??.??"]

{6/(1)} 1. d4 d5 2. c4 c6 3. Nc3 Nf6 4. Nf3 e6 5. Bg5 Be7 6. e3 Nbd7 7. cxd5
exd5 8. Bd3 O-O 9. Qc2 h6 10. Bh4 Re8 11. O-O-O c5 12. Rhg1 a6 13. Kb1 b5 14.
dxc5 Bb7 15. Bf5 Nxc5 16. Bxf6 gxf6 17. Rd4 Ne6 18. Bxe6 fxe6 19. Rg4+ 1-0

[Event "Midwest Masters op"]
[Site "Chicago"]
[Date "1987.??.??"]
[Round "4"]
[White "Finegold, Ben"]
[Black "Kudrin, Sergey"]
[Result "0-1"]
[WhiteElo "2345"]
[BlackElo "2505"]
[PlyCount "79"]
[EventDate "1987.??.??"]

1. d4 Nf6 2. c4 g6 3. Nc3 d5 4. Nf3 Bg7 5. Qb3 dxc4 6. Qxc4 O-O 7. e4 Nc6 8.
Be2 Bg4 9. Be3 Bxf3 10. gxf3 e5 11. d5 Nd4 12. Bxd4 exd4 13. Nb5 c6 14. dxc6
bxc6 15. Nxd4 Nxe4 16. Rd1 Nd6 17. Qc5 Qf6 18. Rg1 h6 19. Kf1 Rfe8 20. Rg3 Re5
21. Qxc6 Rc8 22. Qa6 Rd5 23. Nb3 Rxd1+ 24. Bxd1 Rd8 25. Be2 h5 26. Qxa7 Nf5 27.
Rg1 Qxb2 28. Qa5 Rc8 29. Bd3 Nd4 30. Qd5 Ne6 31. Qe4 Qf6 32. Bc4 Nf4 33. a4 Rd8
34. Be2 Bh6 35. Qc2 Re8 36. Bc4 Bf8 37. Nc1 Bb4 38. Be2 Qe6 39. Rg3 Rc8 40. Qd1
0-1

[Event "East Detroit (MEX/1)"]
[Site "?"]
[Date "1987.??.??"]
[Round "?"]
[White "Finegold, Ben"]
[Black "Kitts, Gary"]
[Result "1-0"]
[WhiteElo "2465"]
[BlackElo "2115"]
[PlyCount "39"]
[EventDate "1987.??.??"]

1. d4 Nf6 2. c4 g6 3. Nc3 d5 4. Nf3 Bg7 5. Qb3 dxc4 6. Qxc4 O-O 7. e4 a6 8. e5
Nfd7 9. Be3 Nb6 10. Qc5 Nc6 11. Rd1 Bg4 12. Be2 h5 13. h3 Bf5 14. Ng5 Qd7 15.
f4 Rad8 16. d5 Nb8 17. g4 hxg4 18. hxg4 Bxg4 19. e6 fxe6 20. Bxg4 1-0

[Event "USA-chJ"]
[Site "USA"]
[Date "1987.??.??"]
[Round "?"]
[White "Finegold, Ben"]
[Black "Edelman, Daniel"]
[Result "1/2-1/2"]
[WhiteElo "2345"]
[BlackElo "2330"]
[PlyCount "44"]
[EventDate "1987.??.??"]

1. d4 Nf6 2. Nf3 g6 3. c4 Bg7 4. Nc3 O-O 5. e4 d6 6. Be2 e5 7. dxe5 dxe5 8.
Qxd8 Rxd8 9. Bg5 Nbd7 10. O-O-O Rf8 11. Rhf1 c6 12. h3 Nc5 13. Bd3 Ne6 14. Be3
Nh5 15. Rh1 f5 16. exf5 gxf5 17. g4 e4 18. gxh5 exd3 19. Rhg1 f4 20. Bd4 Nxd4
21. Nxd4 Kh8 22. Rxd3 Bf5 1/2-1/2

[Event "Hazel Park (MCO/4/1)"]
[Site "?"]
[Date "1987.??.??"]
[Round "?"]
[White "Finegold, Ben"]
[Black "Carroll, Deuvoy"]
[Result "1-0"]
[WhiteElo "2445"]
[BlackElo "2150"]
[PlyCount "99"]
[EventDate "1987.??.??"]

{4/(1)} 1. d4 Nf6 2. Nf3 d5 3. c4 c6 4. Nc3 g6 5. cxd5 cxd5 6. Bf4 Bg7 7. Bxb8
Rxb8 8. Qa4+ Bd7 9. Qxa7 O-O 10. Qa3 b5 11. Qb4 Re8 12. e3 Bf8 13. Be2 e6 14.
Qb3 b4 15. Nb1 Qa5 16. O-O Rec8 17. Qd1 Rc7 18. Nbd2 Rbc8 19. Nb3 Qb6 20. Ne5
Ba4 21. Bd3 Ne4 22. Qe2 f6 23. Nf3 Kf7 24. Nfd2 Nd6 25. Nc5 Bb5 26. a4 Bxd3 27.
Qxd3 Nc4 28. Nxc4 dxc4 29. Qxc4 Bxc5 30. dxc5 Rxc5 31. Qd4 Qb7 32. a5 e5 33.
Qd3 Ra8 34. a6 Qb5 35. Qxb5 Rxb5 36. Rfc1 Ra7 37. Rc6 Ke7 38. e4 b3 39. f3 f5
40. exf5 gxf5 41. Rh6 Ke8 42. Rc1 Rd5 43. Rc8+ Kd7 44. Rb8 Kc7 45. Rxb3 Rd7 46.
Kf2 Kc8 47. Ke2 Rd5 48. Rc3+ Kd8 49. Rd3 Rxd3 50. Kxd3 1-0

[Event "Lansing (MI Op/6/19)"]
[Site "?"]
[Date "1987.??.??"]
[Round "?"]
[White "Feldstein, R.."]
[Black "Stefanski, Mark"]
[Result "0-1"]
[WhiteElo "2030"]
[BlackElo "1825"]
[PlyCount "56"]
[EventDate "1987.??.??"]

{6/(19)} 1. Nf3 d5 2. c4 dxc4 3. Na3 a6 4. Nxc4 b5 5. Nce5 Bb7 6. Ng5 Nh6 7. e4
Qd6 8. d4 f6 9. Qh5+ g6 10. Nxg6 hxg6 11. Qxg6+ Kd8 12. e5 Qd7 13. exf6 Rg8 14.
Nf7+ Kc8 15. Qh7 Qe6+ 16. Ne5 exf6 17. Bxh6 fxe5 18. Bd3 e4 19. Bf4 exd3+ 20.
Be5 Bb4+ 21. Kd1 Qg4+ 22. f3 Bxf3+ 23. Kc1 d2+ 24. Kc2 Be4+ 25. Kb3 Qe6+ 26. d5
Qxd5+ 27. Kxb4 Qc4+ 28. Ka5 Qa4# 0-1

[Event "Lansing (MI Op/2/7)"]
[Site "?"]
[Date "1987.??.??"]
[Round "?"]
[White "Feldstein, R.."]
[Black "Rogers, Bradley"]
[Result "1/2-1/2"]
[WhiteElo "2030"]
[BlackElo "2165"]
[PlyCount "124"]
[EventDate "1987.??.??"]

{2/(7)} 1. Nf3 Nf6 2. b4 g6 3. Bb2 Bg7 4. e4 d6 5. Bc4 O-O 6. d3 e5 7. Nc3 c6
8. Bb3 Na6 9. a3 Nc7 10. Ne2 a5 11. O-O Be6 12. c4 Nd7 13. Qd2 Qe7 14. Rfb1 Bg4
15. Qe3 Kh8 16. h3 Bxf3 17. Qxf3 f5 18. Ng3 f4 19. Nf1 Ne6 20. Bc1 Nd4 21. Qd1
f3 22. g3 Qe6 23. Kh2 Nf6 24. Ne3 c5 25. bxa5 Ne2 26. Qh1 Nd4 27. Bd1 Rf7 28.
Bb2 Raf8 29. Bxd4 exd4 30. Nd5 Nxd5 31. exd5 Qc8 32. Bc2 Be5 33. Re1 Rf5 34.
Re4 Rh5 35. h4 Qd8 36. Kg1 Qxa5 37. Rae1 Qd2 38. g4 Bg3 39. Qxf3 Rxf3 40. R1e2
Bxf2+ 41. Kg2 Qc1 42. Kxf3 Qh1+ 43. Kxf2 Qxh4+ 44. Kf3 Qh1+ 45. Rg2 Rh3+ 46.
Kf2 Qc1 47. Re2 Qf4+ 48. Kg1 Qc1+ 49. Kf2 Rh1 50. Kg3 g5 51. Rgf2 Re1 52. Rd2
Re3+ 53. Kg2 Qxa3 54. Rf8+ Kg7 55. Rdf2 Re7 56. Rd8 Qa6 57. Rff8 Rf7 58. Rg8+
Kh6 59. Rde8 Rg7 60. Rgf8 Qa2 61. Rf2 b5 62. Kg3 Rg6 1/2-1/2

[Event "Allendale (MI Am/1/5)"]
[Site "?"]
[Date "1987.??.??"]
[Round "?"]
[White "Feldstein, R.."]
[Black "Pointer, Gilbert"]
[Result "1-0"]
[WhiteElo "1915"]
[BlackElo "1605"]
[PlyCount "73"]
[EventDate "1987.??.??"]

{1/(5)} 1. e4 d6 2. b4 Nf6 3. Bc4 g6 4. Bb2 Bg7 5. Nf3 O-O 6. Qe2 Nbd7 7. Nc3
a6 8. O-O c5 9. a3 b5 10. Ba2 Nh5 11. Qe3 e5 12. Ne2 Nf4 13. c3 Bh6 14. Nxf4
exf4 15. Qe2 Ne5 16. Nxe5 dxe5 17. bxc5 Qg5 18. d4 Bh3 19. f3 Rfd8 20. Kh1 Bd7
21. Bd5 Rac8 22. Bb7 Rc7 23. Bxa6 Rb8 24. c4 b4 25. Bb5 bxa3 26. Rxa3 Rcb7 27.
Ra5 Bf8 28. Rfa1 h5 29. Ra8 Bxb5 30. Rxb8 Bxc4 31. Rxf8+ Kxf8 32. c6 Rb4 33. c7
Bxe2 34. c8=Q+ Kg7 35. Ra8 Kf6 36. Qd8+ Ke6 37. d5# 1-0

[Event "Lansing (MI Op/4/11)"]
[Site "?"]
[Date "1987.??.??"]
[Round "?"]
[White "Feldstein, R.."]
[Black "Finegold, Ron"]
[Result "0-1"]
[WhiteElo "2030"]
[BlackElo "2170"]
[PlyCount "114"]
[EventDate "1987.??.??"]

{4/(11)} 1. Nf3 d5 2. c4 c6 3. g3 Bf5 4. Bg2 e6 5. O-O Nf6 6. Re1 Be7 7. Qb3
Qb6 8. Qxb6 axb6 9. cxd5 exd5 10. Nc3 Na6 11. d3 O-O 12. Nd4 Bg6 13. Nc2 b5 14.
e4 dxe4 15. Nxe4 Rfe8 16. Bg5 Nd5 17. Bd2 Nab4 18. Nxb4 Nxb4 19. Bxb4 Bxb4 20.
Re3 f5 21. Ng5 Rxe3 22. fxe3 Bd2 23. Kf2 Re8 24. Ne4 fxe4 25. d4 Bh5 26. g4
Bxg4 27. Kg3 Bf3 28. Bxf3 exf3 29. Kxf3 Rxe3+ 30. Kf2 Rd3 31. a4 Rxd4 32. axb5
cxb5 33. Ke2 Bf4 34. Ra7 Bxh2 35. Rxb7 Rb4 36. Ra7 Rxb2+ 37. Ke3 h5 38. Ke4 Rf2
39. Ra5 Rf4+ 40. Ke3 Rb4 41. Ra8+ Kh7 42. Rf8 Bf4+ 43. Rxf4 Rxf4 44. Kxf4 b4
45. Ke4 h4 46. Kd3 h3 47. Kc4 h2 48. Kxb4 h1=Q 49. Kc4 Qe4+ 50. Kc3 Kg6 51. Kd2
Kf5 52. Kc3 Ke5 53. Kd2 Kd5 54. Kc3 Qe2 55. Kb4 Qb2+ 56. Ka5 Kc5 57. Ka6 Qb6#
0-1

[Event "Allendale (MI Am/3/1)"]
[Site "?"]
[Date "1987.??.??"]
[Round "?"]
[White "Feldstein, R.."]
[Black "Bennett, E.."]
[Result "0-1"]
[WhiteElo "1915"]
[BlackElo "1995"]
[PlyCount "106"]
[EventDate "1987.??.??"]

{3/(1)} 1. Nf3 d5 2. c4 e6 3. g3 c5 4. Bg2 Nc6 5. O-O Nf6 6. Na3 Be7 7. d4 O-O
8. dxc5 Bxc5 9. cxd5 exd5 10. Nc2 Ne4 11. Ne3 Be6 12. Ne1 Qd7 13. Nd3 Bb6 14.
Nf4 Bxe3 15. Bxe3 Nf6 16. Nxe6 fxe6 17. b4 Rfd8 18. b5 Ne5 19. a4 Nc4 20. Bg5
a6 21. Qd4 e5 22. Qh4 Qe6 23. Bh3 Qf7 24. Bf5 Nd6 25. Bxh7+ Nxh7 26. Bxd8 Nf5
27. Qg4 Rxd8 28. h4 axb5 29. axb5 Nd4 30. e3 Nf6 31. Qd1 Nxb5 32. Ra5 Nd6 33.
Qa1 Qe6 34. Kg2 e4 35. f4 Nc4 36. Ra8 Nxe3+ 37. Kg1 Rxa8 38. Qxa8+ Kh7 39. f5
Qb6 40. Qf8 Nxf5+ 41. Kh2 Qd6 42. Qxd6 Nxd6 43. Kh3 d4 44. g4 d3 45. g5 Nd5 46.
h5 d2 47. Kh4 Ne3 48. Rf8 Ndf5+ 49. Kh3 d1=Q 50. g6+ Kh6 51. Rh8+ Kg5 52. h6
Qg4+ 53. Kh2 Qg2# 0-1

[Event "Hazel Park (MCO/5/43)"]
[Site "?"]
[Date "1987.??.??"]
[Round "?"]
[White "Feldman, J.."]
[Black "Roland, K.."]
[Result "1-0"]
[WhiteElo "1605"]
[BlackElo "1605"]
[PlyCount "93"]
[EventDate "1987.??.??"]

{5/(43)} 1. e4 e5 2. Nf3 Nc6 3. Bc4 Bc5 4. Nc3 d6 5. h3 Nf6 6. d3 O-O 7. Bg5 h6
8. Bh4 Be6 9. Bb3 Bxb3 10. axb3 Re8 11. Nd5 g5 12. Nxg5 hxg5 13. Bxg5 Re6 14.
Qf3 Kg7 15. Bxf6+ Rxf6 16. Qxf6+ Qxf6 17. Nxf6 Kxf6 18. h4 Nd4 19. Kd2 Ne6 20.
f3 Nf4 21. g4 Ng2 22. Rh2 Nf4 23. c3 d5 24. exd5 Nxd5 25. Rah1 Be3+ 26. Ke2 Bf4
27. Rg2 a5 28. g5+ Kf5 29. d4 exd4 30. cxd4 Bd6 31. Kf2 b5 32. g6 fxg6 33. Rg5+
Kf6 34. Rxd5 Rb8 35. h5 gxh5 36. Rhxh5 Bf4 37. Rhf5+ Ke6 38. Rxb5 Rxb5 39. Rxb5
c6 40. Rxa5 Bc1 41. Rc5 Bxb2 42. Rxc6+ Kf5 43. Ke3 Kg5 44. b4 Kh4 45. b5 Ba3
46. b6 Kg5 47. b7 1-0

[Event "Hazel Park (MCO/6/35)"]
[Site "?"]
[Date "1987.??.??"]
[Round "?"]
[White "Feldman, J.."]
[Black "Koteles, M.."]
[Result "0-1"]
[WhiteElo "1605"]
[BlackElo "1695"]
[PlyCount "54"]
[EventDate "1987.??.??"]

{6/(35)} 1. e4 c6 2. d4 d5 3. Nc3 dxe4 4. Nxe4 Bf5 5. Ng3 Bg6 6. h4 h6 7. h5
Bh7 8. Nf3 Nd7 9. Bc4 Ngf6 10. O-O e6 11. Qe2 Be7 12. Rd1 Qc7 13. Ne5 Nxe5 14.
dxe5 Nd5 15. c3 O-O-O 16. Bxd5 Rxd5 17. Rxd5 cxd5 18. Be3 Kb8 19. f4 Rc8 20. a4
Qc4 21. Qf2 Bc5 22. b3 Bxe3 23. bxc4 Bxf2+ 24. Kxf2 Rxc4 25. Ne2 Bd3 26. Ra3
Bxe2 27. Kxe2 Rxf4 0-1

[Event "Hazel Park (MCO/2/35)"]
[Site "?"]
[Date "1987.??.??"]
[Round "?"]
[White "Feldman, J.."]
[Black "Jonik, Henry"]
[Result "0-1"]
[WhiteElo "1605"]
[BlackElo "1710"]
[PlyCount "42"]
[EventDate "1987.??.??"]

{2/(35)} 1. e4 g5 2. d4 h6 3. Bc4 e6 4. h3 Bg7 5. Nf3 Ne7 6. Nc3 Ng6 7. Be3 a6
8. Qd2 O-O 9. O-O-O b5 10. Be2 Bb7 11. h4 g4 12. Nh2 h5 13. Bh6 b4 14. Bxg7
Kxg7 15. Bxg4 bxc3 16. Qxc3 hxg4 17. d5+ f6 18. Nxg4 d6 19. h5 Nf4 20. h6+ Kh8
21. e5 Ne2+ 0-1

[Event "Lansing (MI Op/1b/11)"]
[Site "?"]
[Date "1987.??.??"]
[Round "?"]
[White "Farges, Y.."]
[Black "Turner, Darrell"]
[Result "1/2-1/2"]
[WhiteElo "2085"]
[BlackElo "1905"]
[PlyCount "103"]
[EventDate "1987.??.??"]

1. e4 c6 2. Nf3 d5 3. exd5 cxd5 4. d4 Bg4 5. Qd3 Nc6 6. Be2 Nf6 7. h3 Bxf3 8.
Bxf3 Qb6 9. c3 e6 10. O-O Bd6 11. a4 O-O 12. Na3 e5 13. Bxd5 Nxd5 14. Nc4 Qc7
15. dxe5 Nxe5 16. Nxe5 Nf6 17. Nf3 Rad8 18. Qc2 Nh5 19. Be3 Rfe8 20. Rfe1 Qc8
21. Bxa7 Nf4 22. Ng5 g6 23. Be3 Qc4 24. Rad1 Qc6 25. Bxf4 Bxf4 26. Nf3 Qc4 27.
Rxd8 Rxd8 28. Qe4 Qxe4 29. Rxe4 Bc1 30. Rb4 Rd1+ 31. Kh2 Rf1 32. Kg3 f5 33.
Rxb7 f4+ 34. Kg4 Rxf2 35. h4 Rxg2+ 36. Kh3 Rg3+ 37. Kh2 Rxf3 38. a5 Be3 39. a6
Rf2+ 40. Kh3 f3 41. Kg3 Rf1 42. a7 Bxa7 43. Rxa7 f2 44. Rb7 Rh1 45. Kxf2 Rxh4
46. b3 Kf8 47. c4 Ke8 48. c5 Kd8 49. b4 Kc8 50. Rb6 g5 51. Kg3 h5 52. b5
1/2-1/2

[Event "Lansing (MI Op/7/9)"]
[Site "?"]
[Date "1987.??.??"]
[Round "?"]
[White "Farges, Y.."]
[Black "Norcross, John"]
[Result "1-0"]
[WhiteElo "2085"]
[BlackElo "2115"]
[PlyCount "60"]
[EventDate "1987.??.??"]

{7/(9)} 1. e4 e5 2. Bc4 Nf6 3. d3 c6 4. Qe2 Be7 5. Nf3 O-O 6. O-O d6 7. h3 Na6
8. a3 Nc7 9. Rd1 Be6 10. Nbd2 Nd7 11. Nf1 d5 12. exd5 cxd5 13. Ba2 f6 14. Ng3
Qe8 15. c4 d4 16. Re1 a5 17. b3 Nc5 18. Bd2 Nd7 19. b4 axb4 20. Bxb4 Nc5 21.
Nxe5 fxe5 22. Qxe5 Nxd3 23. Qxc7 Bxb4 24. Rxe6 Qxe6 25. c5 Qxa2 26. Rxa2 Bxc5
27. Qxb7 Rab8 28. Qd5+ Kh8 29. Ne4 Ba7 30. Ng5 h6 1-0

[Event "Hazel Park (MCO/4/2)"]
[Site "?"]
[Date "1987.??.??"]
[Round "?"]
[White "Farges, Y.."]
[Black "Lindsay, F.."]
[Result "1/2-1/2"]
[WhiteElo "2085"]
[BlackElo "2425"]
[PlyCount "42"]
[EventDate "1987.??.??"]

{4/(2)} 1. e4 e6 2. d4 d5 3. exd5 exd5 4. Bd3 Nc6 5. c3 Bd6 6. Ne2 Qf6 7. Ng3
Nge7 8. O-O h5 9. Re1 Bg4 10. Be2 Bxe2 11. Qxe2 O-O-O 12. b4 Ng6 13. Qd3 Rde8
14. Be3 h4 15. Qf5+ Qe6 16. Qxe6+ fxe6 17. Ne2 h3 18. g3 e5 19. Nd2 exd4 20.
Nxd4 Nce5 21. Nf5 Nd3 1/2-1/2

[Event "Hazel Park (MCO/3/9)"]
[Site "?"]
[Date "1987.??.??"]
[Round "?"]
[White "Farges, Y.."]
[Black "Lahr, Fred"]
[Result "1-0"]
[WhiteElo "2085"]
[BlackElo "1790"]
[PlyCount "93"]
[EventDate "1987.??.??"]

{3/(9)} 1. e4 c5 2. f4 e6 3. Nf3 d5 4. Bb5+ Bd7 5. Bxd7+ Nxd7 6. d3 Ne7 7. O-O
Qb6 8. a4 f6 9. Nc3 d4 10. Nb5 Nc6 11. f5 exf5 12. exf5 a6 13. Na3 Nde5 14.
Nxe5 Nxe5 15. Qh5+ Kd7 16. Bf4 Re8 17. Bxe5 fxe5 18. Qf7+ Re7 19. Qd5+ Qd6 20.
Qxb7+ Kd8 21. Qa8+ Kd7 22. Nc4 Qc7 23. a5 Qd8 24. Qd5+ Kc7 25. Qxc5+ Kb8 26.
Qb6+ Qxb6 27. axb6 e4 28. dxe4 Rxe4 29. Rae1 Rxe1 30. Rxe1 Bb4 31. Re6 Rc8 32.
b3 a5 33. Nd6 Bxd6 34. Rxd6 Rxc2 35. Rxd4 Rb2 36. Rd3 Kb7 37. g4 Kxb6 38. g5
Kc6 39. f6 gxf6 40. gxf6 a4 41. f7 a3 42. f8=Q Rb1+ 43. Kg2 Rb2+ 44. Kf3 a2 45.
Qc8+ Kb5 46. Qb7+ Kc5 47. Rd5# 1-0

[Event "Lansing (MI Op/3/19)"]
[Site "?"]
[Date "1987.??.??"]
[Round "?"]
[White "Farges, Y.."]
[Black "Handelsman, B.."]
[Result "1/2-1/2"]
[WhiteElo "2085"]
[BlackElo "1905"]
[PlyCount "45"]
[EventDate "1987.??.??"]

{3/(19)} 1. e4 c5 2. f4 Nc6 3. Nf3 d6 4. Bc4 e6 5. Nc3 Nf6 6. d3 d5 7. exd5
exd5 8. Bb3 Be7 9. O-O O-O 10. Ne5 a6 11. Nxc6 bxc6 12. Qe1 Re8 13. Qf2 Ng4 14.
Qf3 c4 15. Ba4 Bc5+ 16. Kh1 Qh4 17. h3 Nf2+ 18. Kh2 Ng4+ 19. Kh1 Re1 20. Bd2
Rxa1 21. Rxa1 Nf2+ 22. Kh2 Ng4+ 23. Kh1 1/2-1/2

[Event "Hazel Park (MCO/6/3)"]
[Site "?"]
[Date "1987.??.??"]
[Round "?"]
[White "Farges, Y.."]
[Black "Cunningham, R.."]
[Result "1/2-1/2"]
[WhiteElo "2085"]
[BlackElo "2190"]
[PlyCount "59"]
[EventDate "1987.??.??"]

{6/(3)} 1. e4 c6 2. d4 d5 3. Nc3 dxe4 4. Nxe4 Nd7 5. Bc4 Ngf6 6. Ng5 e6 7. Ne2
h6 8. Nf3 c5 9. O-O Be7 10. c3 O-O 11. dxc5 Bxc5 12. b4 Be7 13. Bb2 Qc7 14. Bb3
b6 15. Ned4 Ba6 16. Re1 Rfd8 17. Rxe6 Nc5 18. Rc6 Qb7 19. Ne5 Nxb3 20. Qxb3 Bd6
21. Rxd6 Rxd6 22. b5 Qd5 23. Qxd5 Rxd5 24. Nec6 Rxb5 25. Nxb5 Bxb5 26. Ne7+ Kh7
27. a4 Bc4 28. Nc6 a5 29. f3 Re8 30. Nd4 1/2-1/2

[Event "Lansing (MI Op/5/17)"]
[Site "?"]
[Date "1987.??.??"]
[Round "?"]
[White "Farges, Y.."]
[Black "Almquist, W.."]
[Result "1-0"]
[WhiteElo "2085"]
[BlackElo "1890"]
[PlyCount "53"]
[EventDate "1987.??.??"]

{5/(17)} 1. e4 c5 2. f4 e6 3. Nc3 Nc6 4. Bc4 a6 5. a4 Qc7 6. d3 d6 7. Nf3 Nf6
8. O-O Be7 9. f5 exf5 10. Ng5 Ne5 11. exf5 Nxc4 12. dxc4 O-O 13. Nge4 Re8 14.
Qd3 Bd7 15. Nxf6+ Bxf6 16. Nd5 Bd4+ 17. Qxd4 cxd4 18. Nxc7 Rac8 19. Nxe8 Bxe8
20. Re1 Bd7 21. Bf4 Bxf5 22. Rad1 Bxc2 23. Rxd4 g5 24. Bxg5 Bxa4 25. c5 Rxc5
26. Rg4 Bd7 27. Bf6+ 1-0